| 000 | 00420cam a22001217a 4500 | ||
|---|---|---|---|
| 008 | 180718b1998 xxu||||| |||| 00| 0 eng d | ||
| 082 | _aT000x54 In2 | ||
| 100 | _aSeminar on infrastructure development: new initiatives in government (Jan. 6, 1998: New Delhi) | ||
| 245 | _a[Papers] | ||
| 260 |
_aNew Delhi _bIndian Institute of Public Administration _c1998 |
||
| 300 | _av.p. | ||
| 650 | _aInfrastructure (Economics) - India | ||
| 999 |
_c486087 _d486087 |
||